Recovered Voices, Newfound Questions: Family archives and historical research (Record no. 51819)
[ view plain ]
| 000 -LEADER | |
|---|---|
| fixed length control field | 01546nam a2200277Ia 4500 |
| 000 - LEADER | |
| fixed length control field | 01848naaa 00313uu |
| 001 - CONTROL NUMBER | |
| control field | https://directory.doabooks.org/handle/20.500.12854/57877 |
| 005 - DATE AND TIME OF LATEST TRANSACTION | |
| control field | 20260218105938.0 |
| 008 - FIXED-LENGTH DATA ELEMENTS--GENERAL INFORMATION | |
| fixed length control field | 211013s9999 xx 000 0 und d |
| 020 ## - INTERNATIONAL STANDARD BOOK NUMBER | |
| International Standard Book Number | 978-989-26-1794-7 |
| 024 ## - OTHER STANDARD IDENTIFIER | |
| Standard number or code | 10.14195/978-989-26-1794-7 |
| 042 ## - AUTHENTICATION CODE | |
| Authentication code | dc |
| 245 #0 - TITLE STATEMENT | |
| Title | Recovered Voices, Newfound Questions: Family archives and historical research |
| 260 ## - PUBLICATION, DISTRIBUTION, ETC. | |
| Name of publisher, distributor, etc. | Coimbra University Press |
| Date of publication, distribution, etc. | 2019 |
| 300 ## - PHYSICAL DESCRIPTION | |
| Extent | 1 electronic resource (426 p.) |
| 520 ## - SUMMARY, ETC. | |
| Summary, etc. | The book aims at presenting less known or completly unknown family archives. It proposes to question them and to analyze them under new perspectives (both from history and archival science), in order to found the "voices" if its producers - and thus to develop new research questions. It comprises three parts: "Recovering, reconstructing and (re)discovering family and personal archives"; "From a social, political and cultural history of the families to a social history of the archives"; "Public preservation and promotion of family and personal archives". |
| 540 ## - TERMS GOVERNING USE AND REPRODUCTION NOTE | |
| Terms governing use and reproduction | Creative Commons |
| 653 ## - INDEX TERM--UNCONTROLLED | |
| Uncontrolled term | Personal archives |
| 700 1# - ADDED ENTRY--PERSONAL NAME | |
| Personal name | Alice Borges Gago |
| 700 1# - ADDED ENTRY--PERSONAL NAME | |
| Personal name | Maria de Lurdes Rosa |
| 700 1# - ADDED ENTRY--PERSONAL NAME | |
| Personal name | Maria Joao Andrade e Sousa |
| 700 1# - ADDED ENTRY--PERSONAL NAME | |
| Personal name | Rita Sampaio da Novoa |
| 856 ## - ELECTRONIC LOCATION AND ACCESS | |
| Uniform Resource Identifier | <a href="https://docs.google.com/spreadsheets/d/1yKIrdCPDAG_9c22mwoOIO2DOhtj65Wqa/edit?usp=sharing&ouid=106555315294820607512&rtpof=true&sd=true ">https://docs.google.com/spreadsheets/d/1yKIrdCPDAG_9c22mwoOIO2DOhtj65Wqa/edit?usp=sharing&ouid=106555315294820607512&rtpof=true&sd=true </a> |
| Link text | List of Curated E-Books |
| 942 ## - ADDED ENTRY ELEMENTS (KOHA) | |
| Koha item type | E-Book |
| Withdrawn status | Source of classification or shelving scheme | Damaged status | Not for loan | Home library | Current library | Date acquired | Total Checkouts | Date last seen | Price effective from | Koha item type |
|---|---|---|---|---|---|---|---|---|---|---|
| Library of Congress Classification | Not For Loan | Directory of Open Access Books | Directory of Open Access Books | 12/22/2021 | 12/22/2021 | 12/22/2021 | E-Book |